00341nam a22001337a 450000500170000000800410001704000070005804100120006508200210007710000250009824500360012326000400015965000080019920241221104117.0241221b ||||| |||| 00| 0 eng d cAL aEnglish 223a348.04bEASS aEastern Book Company aSupreme Court Cases 1997: Vol 8 aLucknowbEastern Book Companyc2016 aLaw